000 00510cam a2200181 a 4500
001 3842107
005 20241113212850.0
008 871124s1988 tnu 000 0 eng
020 _a0805457348 :
_c$7.95
050 0 0 _aBV4501.2
_b.H369564 1988
082 0 0 _a242
_219
100 1 _aHelwig, Terry,
_d1949-
245 1 0 _aWhen God whispers /
_cTerry Helwig.
260 _aNashville, Tenn. :
_bBroadman Press,
_cc1988.
300 _a130 p. ;
_c21 cm.
650 0 _aSpiritual life
_xChristianity.
942 _2lcc
_cBK
_n0
999 _c1157
_d1157